000 00746nas a2200253 4500
001 BR8102585
003 BR-BrBNA
005 20231205084713.0
007 ta
008 230509b bl.|||p| |||| 00| 00por d
040 _aBR-BrBNA
_bpor
_cBiblioteca Nacional de Agricultura
041 _a(Pt)
072 _aM10
100 1 _aGalli, L.F.
245 1 _aO black bass para povoamento de acudes [Truta; Tilapia; Tilapia rendalli; Controle biologico]
650 _aProducao pesqueira
650 _aTruta
650 _aTilapia
650 _aManejo
650 _aControle biologico
773 0 _tGranja (Brazil)
_xISSN 0367-505X
_g(May 1981), v. 37(400) p. 38-40
_wBR8102585
909 _a202311
_bLúcia
_c55
_dLúcia Elande
942 _2AGRIS
_n0
_cANA
999 _c106762
_d106762